| 000 | 00361nam a2200157Ia 4500 | ||
|---|---|---|---|
| 003 | OSt | ||
| 005 | 20240208150617.0 | ||
| 008 | 170524s9999 xx 000 0 und d | ||
| 020 | _a978-8184888997 | ||
| 040 | _cIIMT | ||
| 100 | _aNair- suja | ||
| 245 | 0 | _aConsumer behaviour in indian perpective | |
| 260 | _bHimalaya Pub. | ||
| 260 | _c2001 | ||
| 942 |
_2ddc _c02 |
||
| 999 |
_c7526 _d7526 |
||